000 00668nam a2200277Ia 4500
005 20260324115656.0
008 008 260324s9999 xx 000 0 eng d
020 _a9781315186627
037 _aEBOOK
040 _aCRL
040 _beng
040 _cCRL
041 _2eng
041 _aeng
084 _qCRL
100 _aT. Pullaiah; K. V. Krishnamurthy; Bir Bahadur
_9999341
245 0 _aEthnobotany of India, 5-Volume Set
260 _bTaylor and Francis
260 _c2017
365 _a
365 _b1330
856 _uhttp://www.taylorfrancis.com/books/9781315186627
942 _cEBOOK
999 _c1746628
_d1746628